Bhartiya Arhtavevstha (Record no. 81323)

MARC details
000 -LEADER
fixed length control field 00337pam a2200145 a 4500
020 ## - INTERNATIONAL STANDARD BOOK NUMBER
Terms of availability
041 ## - LANGUAGE CODE
Language code of text/sound track or separate title eng
082 ## - DEWEY DECIMAL CLASSIFICATION NUMBER
Classification number 330.0954
Item number DES
100 ## - MAIN ENTRY--PERSONAL NAME
Personal name Desai SSM,
Relator term Bhalerao N.
245 ## - TITLE STATEMENT
Title Bhartiya Arhtavevstha
Medium Textual Documents
250 ## - EDITION STATEMENT
Edition statement 1992.
260 ## - PUBLICATION, DISTRIBUTION, ETC.
Place of publication, distribution, etc. Pune:
Name of publisher, distributor, etc. Nirali Prakashan,
Date of publication, distribution, etc. 1992.
300 ## - PHYSICAL DESCRIPTION
Extent 684 pg .
930 ## - EQUIVALENCE OR CROSS-REFERENCE-UNIFORM TITLE HEADING [LOCAL, CANADA]
Uniform title 4405
Holdings
Withdrawn status Lost status Damaged status Not for loan Collection Home library Current library Date acquired Source of acquisition Cost, normal purchase price Total Checkouts Full call number Barcode Date last seen Copy number Price effective from Koha item type
          Yashwantrao Mohite College of Arts, Science And Commerce, Pune Yashwantrao Mohite College of Arts, Science And Commerce, Pune 12/04/2021 Diamond Publication 130.00   330.0954 DES YMP-61167 24/02/2023 1 24/02/2023 Book